000 01220nam0a2200301 4500
001 RU\NLR\bibl\1075351
005 20250615044612.0
010 _a5-89464-013-X
_91000
021 _aRU
_b2007-15456
_9827
035 _a(NLR Aleph) 001062554
090 _a947874
_c947874
100 _a20070419d2007 |||y0rusy50 ca
101 0 _arus
102 _aRU
105 _ay |||||||||
200 1 _aПсихология российского предпринимательства
_eучебное пособие
_fЕ.Б. Филинкова
210 _aМосква
_cРектор
_d2007
215 _a287 с.
_d21
320 _aБиблиогр. в конце гл.
606 1 _aПредпринимательство
_jУчебные издания для высших учебных заведений
_xСоциально-психологические исследования
_yРоссийская Федерация
_92189867
_3RU\NLR\auth\661316435
686 _aС550.422.1я73
700 1 _aФилинкова
_bЕ. Б.
_gЕвгения Борисовна
_4070
801 0 _aRU
_bNLR
_c20070419
_gRCR
801 1 _aRU
_bNLR
_c20070419
830 _aавт. по кн.
942 _cBOOK
980 _aNB